000 00706cam a22002533a 4500
001 16889
003 PGUSA
005 20140828083347.0
008 051016s2005||||xxu|||||s|||||000 1 eng d
040 _aPGUSA
_beng
042 _adc
050 4 _aPS
100 1 _aMorrow, Honoré,
_d1880-1940
245 1 4 _aThe Enchanted Canyon
_h[electronic resource] /
_cHonoré Morrow
260 _bProject Gutenberg,
_c2005
506 _aPublic domain in the USA.
516 _aElectronic text
653 _aWestern stories
653 _aGrand Canyon (Ariz.) -- Fiction
653 _aArizona -- Fiction
830 0 _aProject Gutenberg
_v16889
856 4 0 _uhttp://www.gutenberg.org/ebooks/16889
942 _cEB
999 _c246144
_d246144